Navegar en internet : diseño de páginas web con xhtml, javascript y css /

Guardado en:
Autor Principal: Orós, Juan Carlos
Formato: Libro
Publicado: México : Alfaomega, 2008
Edición:2a. ed.
Materias:
Css
Etiquetas: Agregar Etiqueta
Sin Etiquetas, Sea el primero en etiquetar este registro!
LEADER 00729nam a22002535a 4500
001 CEM.cems013121
005 20090512101034.0
008 130507s2008##################000#0#####d
003 CEMS
020 |a 9789701513934 
082 0 4 |a CD001.64404 
100 1 |a Orós, Juan Carlos 
245 1 0 |a Navegar en internet :  |b diseño de páginas web con xhtml, javascript y css /  |c Juan Carlos Orós 
250 |a 2a. ed. 
260 |a México :  |b Alfaomega,  |c 2008 
300 |a 380 p. 
500 |a Acompaña al libro de texto. 
653 |a Computación 
653 |a Informática 
653 |a Web-diseño 
653 |a Xhtml 
653 |a Javascript 
653 |a Css 
859 |a CEMS  |b BIB. CEMS - 11 de abril  |h CD001.64404  |i Or6a2  |p 2220.44  |t Ej.1